000 00519nam a2200181Ia 4500
003 OSt
005 20200103102105.0
008 190216s9999||||xx |||||||||||||| ||und||
020 _a9788170145875
040 _coclc
082 _a332.1
_bSUN/M
100 _aSundharam, K P M
_9501
245 0 _aModern Banking /
_cK P M Sundharam ; E N Sundharam
260 _bSulthan Chand And Sons,
_c2000,
_aNew Delhi:
300 _a319p
650 _aBanking
942 _cBK
_2ddc
_h332.1
_iSUN/M
_k332.1
_mSUN/M
999 _c6496
_d6496